| 000 | nam a22 7a 4500 | ||
|---|---|---|---|
| 999 |
_c29130 _d29130 |
||
| 008 | 171108b xxu||||| |||| 00| 0 eng d | ||
| 020 | _a9781441121516 | ||
| 050 | _aPE 1106 .J295 2010 | ||
| 100 |
_aJackson, Stockwell _d2010 |
||
| 245 |
_aAn introduction to the Nature and Functions of Languages/ _cHoward Jackson, Peter Stockwell |
||
| 250 | _a2nd ed. | ||
| 260 |
_aGreat Britain: _bContinuum, _c2010. |
||
| 300 |
_axiii,244p. : ill. _bincludes bibliographical references and index _c24cm |
||
| 650 | _aEnglish language-Grammer | ||
| 942 |
_2lcc _cBOOKS _hPE 1106 .J295 2010 _02 |
||